[Event "Khanty-Mansiysk FIDE GP"]
[Site "Khanty-Mansiysk"]
[Date "2015.05.19"]
[Round "5"]
[White "Giri, Anish"]
[Black "Dominguez Perez, Leinier"]
[Result "1/2-1/2"]
[WhiteElo "2776"]
[BlackElo "2734"]
[Annotator "Marin,M"]
[PlyCount "88"]
[EventDate "2015.05.14"]
[EventType "tourn"]
[EventRounds "11"]
[EventCountry "RUS"]
[EventCategory "21"]
[SourceTitle "CBM 167"]
[Source "ChessBase"]
[SourceDate "2015.07.13"]
[SourceVersion "1"]
[SourceVersionDate "2015.07.13"]
[SourceQuality "1"]

1. d4 {[%emt 0:00:02]} Nf6 {[%emt 0:00:07]} 2. c4 {[%emt 0:00:05]} e6 {[%emt 0:
00:30]} 3. Nf3 {[%emt 0:00:04]} Bb4+ {[%emt 0:00:06]} 4. Nbd2 {[%emt 0:00:23]}
O-O {[%emt 0:01:11]} 5. a3 {[%emt 0:00:16]} Be7 {[%emt 0:00:08]} 6. e4 {
[%emt 0:00:02]} d5 {[%emt 0:00:53] A very provocative variation in which Black
allows White to build up a massive pawn centre just to start attacking it with
all his forces.} 7. e5 {[%emt 0:00:13]} Nfd7 {[%emt 0:00:07]} 8. Bd3 {[%emt 0:
00:05]} c5 {[%emt 0:00:07]} 9. O-O {[%emt 0:00:10] The modern trend is to
avoid any exchange in the centre as this would clear space for the black minor
pieces.} ({This does not necessarily mean that} 9. cxd5 {is bad, though. Here
is a revcent example in which White missed an interesting attack:} exd5 10. O-O
Nc6 11. Re1 Qb6 12. Nf1 Nxd4 13. Nxd4 cxd4 14. b4 a5 15. Ng3 g6 16. Rb1 (16.
Nf5 $5 gxf5 17. Bxf5 Re8 18. Qg4+ Kh8 19. Bb2 {with dangerous threats.}) 16...
axb4 17. axb4 {In Moiseenko,A (2701)-Korobov,A (2680) Lvov 2014 (½-½, 57)
Black could have neutralised the kingside threats with} f6 18. exf6 Qxf6 {
keeping the extra pawn and reasonable development.}) ({Another example
illustrating the dangers for Black went} 9. Qc2 g6 $6 10. cxd5 exd5 11. e6 fxe6
12. Bxg6 hxg6 13. Qxg6+ {Riazantsev,A (2688)-Vocaturo,D (2579) Jerusalem 2015
CBM 166 [Krasenkow,M] (0-1, 85) with a powerful attack. White soon got a
winning position, but missed a few best moves and even lost.}) 9... Nc6 {
[%emt 0:01:19]} 10. Re1 {[%emt 0:00:43] White's centre looks shaky, but Black
has a big problem: there are no obvious ways to complete the development,
releasing the tension in the centre would just activate the white knights, so
the best is preventing White's normal development, too.} a5 {[%emt 0:03:12]} (
10... cxd4 11. cxd5 exd5 12. Qc2 h6 13. b4 $14 {[%csl Gd7]}) 11. Bc2 $5 {
[%emt 0:00:25] A multi-purpose move. White clears the d-file in order to build
up pressure against Pd5 and the d3-square to create a battery along the b1-h7
diagonal. If needed, the bishop could go to a4, reducing Black's pressure in
the centre or to b3 to attack d5.} Re8 {[%emt 0:08:27] Black embarks on the
half-waiting policy initiated by White. The last move clears the f8-square for
the knight and prepares for the eventuality of an exchange on d5.} (11... b6
12. cxd5 exd5 13. Nf1 {[%csl Gd5]} cxd4 14. Ba4 Ndb8 15. Ng3 Be6 16. Qd3 Qd7
17. Bh6 $1 $16 {Salem,A (2614)-Amin,B (2633) Dubai 2015 (1-0, 35)} gxh6 $2 18.
Bc2 $18) (11... Qb6 12. cxd5 exd5 13. Bb3 Nxd4 $6 ({The critical continuation
is} 13... c4 14. Nxc4 {Otherwise White would lose the d4-pawn.} dxc4 15. Bxc4 {
White has ample compensation for the piece. Black is underdeveloped and the
potential threats d4-d5 and e5-e6 are annoying.} a4 {Clearing the a5-square
for the knight in order to meet d4-d5 with ...Na5.} 16. Ba2 $5 $44 {Black
faces the same problems about how to complete development.}) 14. Bxd5 Qd8 15.
Nxd4 cxd4 16. Nf3 Nc5 17. Qxd4 Bf5 18. Be3 $16 {Rombaldoni,A (2507)-Markidis,K
(2322) Kavala 2014 (1-0, 51)}) ({One round later, Dominguez switched to} 11...
Qc7 {Gelfand,B (2744)-Dominguez Perez,L (2734) Khanty-Mansiysk 2015 [Marin] (1/
2-1/2, 63)}) 12. h3 {[%emt 0:00:51]} Qc7 {[%emt 0:24:04] In this position, a
new move, but the real novelty will arise a bit later due to transposition.} (
12... Nf8 {removes the knight from the centre too early, allowing} 13. dxc5
Bxc5 {Rombaldoni,A (2464)-Schneider,S (2312) Stockholm 2012 (1-0, 36)} 14. cxd5
exd5 (14... Qxd5 15. Be4 Qd7 16. Qc2 {[%cal Gd2c4] offers White a huge
advantage.}) 15. Nb3 Be7 (15... Ba7 16. Bg5 Qd7 17. Nbd4 $14) 16. Be3 $14) 13.
cxd5 {[%emt 0:21:23]} exd5 {[%emt 0:00:18]} 14. e6 $146 {[%emt 0:13:25] White
has not enough development to make this thematic break effective.} (14. Nf1 {
has the same drawback as 12...Nf8 examined above, allowing Black releasing the
tension in the centre:} cxd4 15. Bf4 {Browne,W (2530)-Ivanovic,B (2530) New
York 1988 (0-1, 79)} Nf8 {[%cal Gf8e6]}) (14. dxc5 $5 $146 Nxc5 15. Nb3 Nxb3
16. Bxb3 Be6 17. Bf4 Rad8 18. Rc1 Qb6 19. Re2 d4 20. Ba4 $5 {It is not
entirely clear whether the d4-pawn is strong or weak, making the position
quite complex strategically.}) 14... fxe6 {[%emt 0:01:05]} 15. Rxe6 {[%emt 0:
00:11]} Nf6 {[%emt 0:07:35]} 16. Re1 {[%emt 0:00:39]} Bd7 {[%emt 0:15:02]} 17.
dxc5 {[%emt 0:13:21]} Bxc5 {[%emt 0:01:26] As an effect of the somewhat
premature pawn break, Black is suddenly better developed.} 18. Rxe8+ {[%emt 0:
05:06]} Rxe8 {[%emt 0:00:08]} 19. Nb3 {[%emt 0:01:32]} Bb6 {[%emt 0:01:16]} ({
The unexpected tactics initiated by} 19... Bxf2+ $5 {seem to offer approximate
equality (and in some cases just a draw by perpetual):} 20. Kxf2 a4 21. Nc5 (
21. Nbd4 $6 Nxd4 22. Nxd4 Bxh3 $1 $40) (21. Nbd2 Qb6+ 22. Kg3 Qc7+ 23. Kf2 $11)
21... Qb6 22. Be3 Rxe3 23. Kxe3 Qxc5+ 24. Ke2 Na5 $44 {[%cal Gd7b5]}) 20. Bg5 {
[%emt 0:00:28]} Qd6 {[%emt 0:01:48]} (20... Ne5 21. Nbd4 (21. Bxf6 gxf6 22.
Qxd5+ Be6 23. Qd1 Nxf3+ 24. gxf3 Qg3+) 21... Nxf3+ 22. Nxf3 Be6 $11) 21. Bxf6 {
[%emt 0:02:06]} gxf6 {[%emt 0:00:05]} 22. Qd3 {[%emt 0:03:05]} Re7 {[%emt 0:01:
03]} 23. Rd1 {[%emt 0:01:21] White has managed to catch up in development and
weaken the enemy kingside, but the pressure exerted by the dark-squared bishop
is very unpleasant.} Ne5 {[%emt 0:10:34]} 24. Nxe5 {[%emt 0:12:58]} Qxe5 {
[%emt 0:00:41]} ({Dominguez must have discarded the principled} 24... fxe5 {
on account of} 25. Qxd5+ (25. Nd2 Qc5 26. Bb3 Be6 27. Qe2 e4 $15) 25... Qxd5
26. Rxd5 {but Black has a strong initiative for the pawn despite the absence
of queens:} Bc6 27. Rd2 (27. Rd1 Rf7) 27... a4 28. Nc1 Rg7 29. g4 e4 $36) 25.
Nd2 $6 {[%emt 0:03:42]} ({It would have been safer to partly neutralise the
bishop with} 25. Nd4 {when Black would not have obvious ways to increase the
pressure.}) 25... Kh8 {[%emt 0:05:56]} 26. Qb3 {[%emt 0:11:04]} Bc5 {[%emt 0:
01:54]} (26... Qc7 $36 {[%cal Ge7g7,Ga5a4]}) 27. Nf3 {[%emt 0:05:19]} Qg3 {
[%emt 0:11:25]} (27... Qe2 $1 {would transpose to the game without the move
repetition.}) 28. Nd4 {[%emt 0:00:37]} Qe5 {[%emt 0:04:30]} 29. Nf3 $6 {
[%emt 0:02:22]} (29. Qd3 $1) 29... Qe2 {[%emt 0:06:43]} 30. Rd2 {[%emt 0:00:16]
The lesser evil.} (30. Rf1 $2 Bb5 31. Nh2 Bc4 32. Qc3 Qe5 $3 33. Qxe5 Rxe5 34.
Ng4 Re2 $19) 30... Bxf2+ {[%emt 0:00:05]} 31. Kh2 {[%emt 0:00:03]} Qe3 $15 {
[%emt 0:00:07]} 32. Qxe3 {[%emt 0:01:06]} Bxe3 {[%emt 0:00:04]} 33. Rxd5 {
[%emt 0:00:03]} Bb6 {[%emt 0:02:21]} 34. Bf5 {[%emt 0:03:29]} Bc6 {[%emt 0:00:
23]} 35. Rd2 {[%emt 0:00:01]} Bc7+ {[%emt 0:02:44]} 36. Kg1 {[%emt 0:00:08]}
Bg3 {[%emt 0:00:33]} 37. Bd3 {[%emt 0:01:42] The endgame is unpleasant for
White and Black hoped to make it even more so with the next pinning move:} Rd7
$6 {[%emt 0:01:15]} ({In time trouble, moves such as} 37... h5 $15) ({or} 37...
Kg7 $15 {, improving the position slowly without forcing the events, should be
preferred.}) 38. Be4 $1 $11 {[%emt 0:01:07] An unexpected resource, exchanging
one of the irritating bishops.} Rxd2 {[%emt 0:00:31]} 39. Nxd2 {[%emt 0:00:01]}
Bf4 {[%emt 0:00:02]} 40. Bxc6 {[%emt 0:00:00]} Bxd2 {[%emt 0:00:00]} 41. Bxb7 {
[%emt 0:00:13]} a4 {[%emt 0:00:14]} 42. Bc6 {[%emt 0:00:20]} Bc1 {[%emt 0:00:
04]} 43. Bxa4 {[%emt 0:00:03]} Bxb2 {[%emt 0:00:05]} 44. Kf1 {[%emt 0:00:05]}
Bxa3 {[%emt 0:00:06]} 1/2-1/2

[Event "Khanty-Mansiysk FIDE GP"]
[Site "Khanty-Mansiysk"]
[Date "2015.05.20"]
[Round "6"]
[White "Gelfand, Boris"]
[Black "Dominguez Perez, Leinier"]
[Result "1/2-1/2"]
[WhiteElo "2744"]
[BlackElo "2734"]
[Annotator "Marin,M"]
[PlyCount "126"]
[EventDate "2015.05.14"]
[EventType "tourn"]
[EventRounds "11"]
[EventCountry "RUS"]
[EventCategory "21"]
[SourceTitle "CBM 167"]
[Source "ChessBase"]
[SourceDate "2015.07.13"]
[SourceVersion "1"]
[SourceVersionDate "2015.07.13"]
[SourceQuality "1"]

1. d4 {[%emt 0:00:01]} Nf6 {[%emt 0:00:09]} 2. c4 {[%emt 0:00:02]} e6 {[%emt 0:
00:08]} 3. Nf3 {[%emt 0:00:29]} Bb4+ {[%emt 0:00:13]} 4. Nbd2 {[%emt 0:00:15]}
O-O {[%emt 0:00:30]} 5. a3 {[%emt 0:00:57]} Be7 {[%emt 0:00:08]} 6. e4 {
[%emt 0:00:02]} d5 {[%emt 0:00:37]} 7. e5 {[%emt 0:01:21]} Nfd7 {[%emt 0:00:09]
} 8. Bd3 {[%emt 0:00:23]} c5 {[%emt 0:00:08]} 9. O-O {[%emt 0:01:18]} Nc6 {
[%emt 0:00:09]} 10. Re1 {[%emt 0:00:12]} a5 {[%emt 0:00:08]} 11. Bc2 {[%emt 0:
01:29]} Qc7 $146 {[%emt 0:01:31]} ({One round earlier Leinier had played} 11...
Re8 {Giri,A (2776)-Dominguez Perez,L (2734) Khanty-Mansiysk 2015 (1/2-1/2, 44).
And just as in that game, the first novelty is not the definitive one, due to
transposition.}) 12. dxc5 {[%emt 0:19:19] (N)} (12. cxd5 exd5 {would transpose
to a previous game:} 13. Nb3 $5 {White invetst two tempi in "convincing" Black
to block the centre so that he can get a free hand for his kingside attack.} c4
14. Nbd2 b5 {In view of White's very accurate reply, this natural move may be
slightly premature.} ({Black should have thought of the safety of his central
pawn with} 14... Rd8 $5 {[%csl Gd5][%cal Gd7f8] In this case, the opening of
the queenside, looking logical in the absence of ...b7-b5, does not offer
White much:} 15. b3 b5 16. Nb1 Nf8 17. Nc3 b4 18. axb4 Bxb4 19. Bb2 Bg4 $132 {
Black has free development and pressure against the white centre.}) 15. Nb1 $5
{[%csl Gd5] Due to the pin along the a-file and the hanging b5- and d5-pawns
Black is not in time to reach ...b5-b4 under favourable circumstances and the
knight will enjoy stability on c3.} Nb6 16. Nc3 b4 (16... Ba6 {[%cal Gb5b4]}
17. Ng5 $40) 17. axb4 Nxb4 (17... axb4 $2 18. Nxd5 $1) 18. h3 ({The critical
continuation was} 18. Bb1 {even though Black would have a reasonable position
after} Bg4) 18... Be6 (18... Nxc2 19. Qxc2 h6 {[%csl Gg5]}) 19. Ng5 $36 {
1-0 (33) Iotov,V (2568)-Kosintseva,N (2523) Dallas 2013}) ({Gelfand probably
refrained from} 12. h3 {, in the spirit of the previous game, thinking that
Black could develop his king's rook more actively than on e8 with} Rd8) 12...
Nxc5 {[%emt 0:13:31]} 13. Nb3 {[%emt 0:02:03] This leads to a position without
too much strategic content.} ({The principled continuation was} 13. cxd5 exd5
14. Nb3 Nxb3 ({Black could also try} 14... Ne6 15. Qxd5 a4 16. Qe4 g6 17. Nbd2
Rd8 {with certain compensation for the pawn due to his harmonious regrouping
and the exposed position of the white queen and c2-bishop.}) 15. Bxb3 Rd8 16.
Be3 Bg4 $13) 13... Nxb3 {[%emt 0:10:22]} (13... dxc4 {was also possible, but
Black would have needed a bit of accuracy:} 14. Nxc5 Rd8 $1 (14... Bxc5 $2 15.
Bxh7+ $1 {One should never forget about the combinations one used to solve in
childhood!} Kxh7 16. Ng5+ Kg8 (16... Kg6 17. Qg4 f5 18. exf6 Kxf6 19. Rxe6+
Bxe6 20. Qxe6#) 17. Qh5 Rd8 18. Qh7+ Kf8 19. Qh8+ Ke7 20. Qxg7 Nxe5 21. Ne4 $40
) 15. Qe2 Bxc5 16. Qxc4 (16. Bxh7+ {does not work now as Black has cleared the
f8-square with gain of time:} Kxh7 17. Ng5+ Kg8 18. Qh5 Rd3 19. Qh7+ Kf8 20.
Qh8+ Ke7 21. Qxg7 Nd8 22. Ne4 Kd7 {and the king escapes.}) 16... Nd4 $11) 14.
Qd3 {[%emt 0:02:23]} g6 {[%emt 0:00:16] White will not have enough development
to take advantage of this slight weakening.} 15. Bxb3 {[%emt 0:15:02]} Rd8 {
[%emt 0:09:25]} 16. Bf4 {[%emt 0:07:10]} a4 {[%emt 0:16:06]} 17. Ba2 {[%emt 0:
11:19]} dxc4 {[%emt 0:15:11]} 18. Qxc4 {[%emt 0:00:27] Strategically, Black is
doing great, but he still needs to complete his development. Leinier chooses a
surgical method:} b5 $1 {[%emt 0:04:47]} 19. Qxb5 {[%emt 0:05:20]} Ra5 {
[%emt 0:00:35]} 20. Qf1 {[%emt 0:17:35] Safe but passive.} ({The queen could
get into trouble after} 20. Qc4 Ba6 21. Qc3 Rc5 22. Qe3 Rc2 23. Rac1 Bc5 {
but the positional sacrifice} 24. Rxc2 Bxe3 25. Bxe3 $44 {would offer White
compensation. In the absence of the dark-squared bishop, the kingside
weaknesses may tell.}) 20... Nd4 {[%emt 0:21:15]} 21. Nxd4 {[%emt 0:02:13]}
Rxd4 {[%emt 0:00:05]} 22. Rec1 {[%emt 0:07:43]} Qb8 {[%emt 0:00:58]} 23. Be3 $6
{[%emt 0:02:56] Handing over the initiative to Black.} ({White could have
maintained equality with} 23. Qe1 Rb5 24. Be3 Rd8 (24... Rxe5 25. Qc3 $1 Rd8
26. Bf4) 25. Qc3 {returning the pawn with a probable draw.}) 23... Ba6 $1 {
[%emt 0:03:44]} 24. Qe1 {[%emt 0:01:08]} (24. Qxa6 Rxa6 25. Bxd4 Kg7 $15 {
is a much less favourable version of the queen sacrifice, as the black
dark-squared bishop is on board.}) 24... Rxe5 $1 {[%emt 0:00:11] Black has
retrieved the pawn while maintaining an active position.} 25. Bxd4 {[%emt 0:00:
55] Practically forced, but not enough to spare White problems.} Rxe1+ {
[%emt 0:00:06]} 26. Rxe1 {[%emt 0:00:02]} Bb7 {[%emt 0:00:49]} 27. Rad1 {
[%emt 0:07:07]} Qf4 {[%emt 0:04:43] Strictly speaking, White has a small
material advantage, but due to the kingside threats the queen is stronger than
the rooks. One important detail is that the a2-bishop is not in a position to
neutralise the pressure along the long diagonal.} 28. Be5 {[%emt 0:00:56]} Qg5
{[%emt 0:04:05]} 29. Bg3 {[%emt 0:00:05]} (29. g3 $2 Qh5 $19 {[%cal Gh5f3,
Gh5h3]}) 29... Bf6 {[%emt 0:00:15][%csl Gb2]} 30. Rd7 {[%emt 0:02:16]} ({
Now was a good moment to recycle the bishop, even at the cost of the b2-pawn:} 
30. Bb1 Bxb2 31. Be4 $15) 30... Qb5 {[%emt 0:00:18]} 31. Rd2 {[%emt 0:01:29]}
h5 $1 {[%emt 0:00:56] From a practical point of view, the most unpleasant move.
Black keeps the option to take on b2, but in the meanwhile he creates new
threats.} (31... Bxb2 32. Rb1 Qc6 33. Bd5 Qc3 $1 {Not an obvious move.} (33...
exd5 34. Rdxb2 $14) 34. Rdxb2 Bxd5 $17) 32. Bb1 {[%emt 0:02:04]} (32. h4 g5 $1
33. hxg5 Qxg5 $19 {[%cal Gh5h4]}) 32... h4 $1 {[%emt 0:01:31]} (32... Bxb2 $17)
33. Bf4 {[%emt 0:00:20]} Qc4 {[%emt 0:02:08] The bishop starts feeling
uncomfortable.} 34. g3 {[%emt 0:01:12]} (34. Be3 h3 $19) 34... e5 $1 {[%emt 0:
01:40] This should have been the winning move. The bishop cannot retreat to e3
because it would deprive White of Be4 as an answer to ...Qc6, while on h6 it
can be attacked by the king.} 35. Bd3 {[%emt 0:01:27]} (35. Bxe5 Bxe5 36. Rxe5
Qc1+) (35. Be3 Qc6) (35. Bh6 Qg4) 35... Qe6 {[%emt 0:01:01] Putting the queen
under a pin slightly complicates Black's task in time trouble.} (35... Qc5 36.
Bh6 Kh7 $19) 36. Bb5 {[%emt 0:00:15]} Qg4 {[%emt 0:01:25]} (36... Qb3 $1 $19 {
would have attacked both bishops and threatened ...Qf3.}) 37. Be2 {[%emt 0:00:
20]} Qf5 {[%emt 0:00:18]} 38. Bd3 {[%emt 0:00:06]} Qg4 {[%emt 0:00:18]} 39. Be2
{[%emt 0:00:01]} Bf3 $2 {[%emt 0:00:03] Throwing away the immediate win and
keeping just a big advantage.} (39... Qc8 $1 40. Bb5 Qc5 $19 (40... exf4 $2 41.
Re8+)) 40. Bxf3 {[%emt 0:00:00]} Qxf3 {[%emt 0:00:00]} 41. Re3 {[%emt 0:07:08]}
Qc6 {[%emt 0:05:37]} 42. Bxe5 {[%emt 0:15:41]} Qc1+ $6 {[%emt 0:32:07] Black
should have kept this check in reserve.} (42... Bxe5 $1 43. Rd8+ Kg7 44. Rxe5
h3 45. Red5 Qc1+ 46. Rd1 Qxb2 {The permanent threat on g2 and the weak a3-pawn
make White's position hopeless.} 47. R8d3 (47. R1d3 Qc1+ 48. Rd1 Qxa3 $19)
47... Qe2 {With an amusing Zugzwang.}) 43. Kg2 {[%emt 0:00:05]} h3+ {[%emt 0:
00:04] Probably planned on the previous move, but giving away this attacking
pawn reduces Black's chances for success.} (43... Qxd2 44. Bxf6 {offers White
a fortress.}) 44. Kxh3 {[%emt 0:11:17]} Bxe5 {[%emt 0:00:24]} 45. Rd8+ {
[%emt 0:00:06]} Kg7 {[%emt 0:00:02]} 46. Rxe5 {[%emt 0:00:05]} Qf1+ {[%emt 0:
00:02]} 47. Kg4 {[%emt 0:00:18]} Qxf2 {[%emt 0:00:05]} 48. Rde8 {[%emt 0:08:01]
} Qxb2 {[%emt 0:07:00]} 49. Re2 $2 {[%emt 0:07:47] White, too, is careless
with his important pawns.} (49. Re3 Qxh2 50. Kf3 $15) 49... Qxa3 {[%emt 0:00:
40]} 50. R8e3 {[%emt 0:01:28]} Qc1 $6 {[%emt 0:02:57]} ({One basic thing is
that in such situations the queen should stay in the centre:} 50... Qc5 {
Threatening mate in two with ...Qf5 or ...Qh5.} 51. Kf3 a3 52. Kf2 (52. Kg2 a2
53. Rxa2 Qd5+) 52... f5 {[%cal Gg6g5,Gf5f4]} (52... Qd4 {is premature due to}
53. Ra2) 53. h4 Qd4 $1 {Again Zugzwang!} 54. Kg1 (54. Ra2 f4 $1 {wins one of
the rooks, for instance:} 55. gxf4 Qxf4+ 56. Rf3 Qh2+) 54... a2 {[%csl Ge3]})
51. Kf3 {[%emt 0:01:01]} a3 $2 {[%emt 0:01:39] Only this move throws the
winning chances away. After exposing his pawn, Black will not have freedom for
his queen anymore.} (51... Qh1+ $5 52. Rg2 (52. Kf2 Qxh2+) (52. Kf4 Qf1+ 53.
Ke4 a3 $19) 52... f5 53. h4 Kh6 {White is very passive and most likely lost.})
52. Kf2 $1 {[%emt 0:03:14]} Qa1 {[%emt 0:05:50]} (52... Qc5 53. Ra2 $11) 53.
Kg2 {[%emt 0:00:16]} Qd1 {[%emt 0:00:15]} 54. Kf2 {[%emt 0:00:09]} Qa1 {
[%emt 0:01:05]} 55. Kg2 {[%emt 0:00:03]} f5 {[%emt 0:00:41]} 56. Rf3 {[%emt 0:
00:59]} Kh6 {[%emt 0:00:40]} 57. Ref2 {[%emt 0:00:33]} Kg7 {[%emt 0:00:14]} 58.
Re2 {[%emt 0:00:24]} Kh6 {[%emt 0:00:03]} 59. Ref2 {[%emt 0:00:05]} Kh7 {
[%emt 0:00:03]} 60. Re2 {[%emt 0:00:00]} Kg7 {[%emt 0:00:00]} 61. Ref2 {
[%emt 0:01:23]} Kh6 {[%emt 0:02:28]} 62. Re2 {[%emt 0:01:18]} Kg7 {[%emt 0:00:
06]} 63. Ref2 {[%emt 0:00:05]} Kh6 {[%emt 0:00:04]} 1/2-1/2